Statistiques concernant Taylor Swift - The Man (All lyrics)

Cliquez ici pour prendre le quiz!

Statistiques générales

  • Ce quiz a été pris 54 fois
  • Le résultat moyen est 344 sur 420

Statistiques - réponses

Réponse% Correct
Be
100%
I
98%
A
96%
The
94%
To
94%
Would
94%
Do
91%
Man
91%
Man),
91%
Man)
91%
So
91%
An
89%
Me,
89%
Me
89%
Of
89%
That
89%
That)
89%
As
87%
(As
87%
Can
87%
Can)
87%
Complex
87%
If
87%
(If
87%
Was
87%
And
85%
Fast
85%
For
85%
I’d
85%
(I’d
85%
I’m
85%
Ok
85%
Running
85%
You
85%
(You
85%
Cool
83%
Quicker
83%
Sick
83%
They
83%
Get
81%
Wondering
81%
At
79%
Mad
79%
Them
79%
There
79%
Again)
77%
Again
77%
Boss
77%
Coming
77%
(Coming
77%
Every
77%
Like
77%
Like?
77%
Say
77%
What
77%
Bitch,
74%
(Then
74%
Then
74%
When
74%
‘Cause
72%
In
72%
More
72%
Okay
72%
Commit
70%
Dollars
70%
Play
70%
Alpha
68%
It
68%
Leader
68%
Not
68%
Believes
66%
Everyone
66%
Fearless
66%
Field
66%
Make
66%
My
66%
Oh
66%
(Oh)
66%
Saint-Tropez
66%
Someone
66%
What’s
66%
Conquest
64%
It’s
64%
Leo
64%
Rude
64%
Bad
62%
Before
62%
Just
62%
They’d
62%
Wearing
62%
Found
60%
Good
60%
Had
60%
Made
60%
Put
60%
This
60%
Type
60%
Work
60%
Ya
60%
You’re
60%
All
57%
Ideas
57%
Bitches
55%
Could
55%
Deserve
55%
Moves?
55%
Power
55%
From
53%
How
53%
Much
53%
Played
53%
Models
51%
Wouldn’t
51%
(Yeah)
51%
Out
49%
Players
49%
Question
49%
Separated
49%
Their
47%
Shake
45%
Baller
43%
Heads
43%
Paint
43%
Toast
43%
Getting
40%
Flashing
38%
Hustled
38%
Know
38%
Let
38%
About
30%
Brag
28%
Raking
19%
(Hey)
17%

Distribution des résultats

Percentile par nombre de réponses

% des personnes avec chaque résultat

Votre développement - résultats

Vous n’avez pas pris ce quiz